Numbers 1-50 in 30 seconds - Statistics

General Stats
  • This quiz has been taken 47 times
  • The average score is 41 of 50
Answer Stats
Answer % Correct
1
100%
2
100%
3
100%
4
100%
5
100%
6
100%
7
96%
8
93%
9
93%
11
89%
12
89%
13
89%
14
89%
16
89%
19
89%
10
85%
15
85%
17
85%
18
85%
20
85%
21
85%
22
85%
23
85%
24
85%
25
85%
26
85%
27
85%
28
85%
29
85%
30
81%
31
81%
32
78%
33
78%
34
74%
35
74%
36
74%
37
74%
38
70%
39
70%
41
70%
40
67%
42
63%
43
63%
45
63%
46
63%
47
63%
48
63%
44
59%
49
59%
50
59%
No matching quizzes found
Score Distribution
Percent of People with Each Score
Percentile by Number Answered
Your Score History
You have not taken this quiz